Torschützen RB Leipzig 2021/2022 - Statistiken

Allgemein
  • Dieses Quiz wurde 216 mal gespielt
  • Das Durchschnittsergebnis liegt bei 9 aus 16
Antwortstatistiken
Tore
insgesamt
BL
DFB-
Pokal
CL EL Spieler % Korrekt
35 20 4 7 4 Christopher Nkunku
96%
17 11 2 3 1 André Silva
80%
11 6 1 2 2 Emil Forsberg
78%
5 2 1 - 2 Willi Orbán
75%
7 6 1 - - Yussuf Poulsen
71%
5 4 1 - - Konrad Laimer
66%
4 3 1 - - Dani Olmo
62%
1 1 - - - Marcel Halstenberg
56%
3 2 - - 1 Angeliño
50%
2 2 - - - Joško Gvardiol
49%
10 6 2 2 - Dominik Szoboszlai
48%
4 3 1 - - Amadou Haidara
46%
1 1 - - - Mohamed Simakan
46%
3 3 - - - Benjamin Henrichs
44%
2 1 - 1 - Nordi Mukiele
36%
1 1 - - - Hugo Novoa
24%
Keine übereinstimmenden Quizze gefunden
Verteilung der Resultate
Anzahl Personen mit jedem Resultat
Perzentil nach korrekt beantworteten Fragen
Ihre Resultats-Entwicklung
Sie haben dieses Quiz noch nicht gespielt